<?xml version="1.0" encoding="UTF-8"?>
<record
    xmlns:xsi="http://www.w3.org/2001/XMLSchema-instance"
    xsi:schemaLocation="http://www.loc.gov/MARC21/slim http://www.loc.gov/standards/marcxml/schema/MARC21slim.xsd"
    xmlns="http://www.loc.gov/MARC21/slim">

  <leader>00598cam a22002171  4500</leader>
  <controlfield tag="001">ne 68003943 </controlfield>
  <controlfield tag="003">DLC</controlfield>
  <controlfield tag="005">20260227111848.0</controlfield>
  <controlfield tag="008">860203s1968    ua            000 0barar </controlfield>
  <datafield tag="010" ind1=" " ind2=" ">
    <subfield code="a">ne 68003943 </subfield>
  </datafield>
  <datafield tag="020" ind1=" " ind2=" ">
    <subfield code="c">&#xA3;E0.40</subfield>
  </datafield>
  <datafield tag="035" ind1=" " ind2=" ">
    <subfield code="a">(OCoLC)13098832</subfield>
  </datafield>
  <datafield tag="040" ind1=" " ind2=" ">
    <subfield code="a">DLC</subfield>
    <subfield code="c">TxU</subfield>
    <subfield code="d">TxU</subfield>
    <subfield code="d">DLC</subfield>
  </datafield>
  <datafield tag="042" ind1=" " ind2=" ">
    <subfield code="a">premarc</subfield>
  </datafield>
  <datafield tag="050" ind1="0" ind2="0">
    <subfield code="a">DS238.U5</subfield>
    <subfield code="b">S45</subfield>
  </datafield>
  <datafield tag="100" ind1="1" ind2=" ">
    <subfield code="a">Shalab&#x12B;, Ma&#x1E25;m&#x16B;d.</subfield>
  </datafield>
  <datafield tag="245" ind1="1" ind2="0">
    <subfield code="a">&#x1E24;ay&#x101;t &#x2BB;Umar</subfield>
    <subfield code="b">[ta&#x2BC;l&#x12B;f] Ma&#x1E25;m&#x16B;d Shalab&#x12B;.</subfield>
  </datafield>
  <datafield tag="260" ind1=" " ind2=" ">
    <subfield code="a">Mi&#x1E63;r,</subfield>
    <subfield code="b">Maktabat al-Q&#x101;hirah</subfield>
    <subfield code="c">[1968]</subfield>
  </datafield>
  <datafield tag="300" ind1=" " ind2=" ">
    <subfield code="a">413 p.</subfield>
    <subfield code="c">24 cm.</subfield>
  </datafield>
  <datafield tag="600" ind1="0" ind2="0">
    <subfield code="a">&#x2BB;Umar ibn al-Kha&#x1E6D;&#x1E6D;&#x101;b,</subfield>
    <subfield code="c">Caliph,</subfield>
    <subfield code="d">-644.</subfield>
  </datafield>
  <datafield tag="999" ind1=" " ind2=" ">
    <subfield code="c">50890</subfield>
    <subfield code="d">50890</subfield>
  </datafield>
</record>
